000 00700nam a2200193 i 4500
001 33569
003 ES-MaACL
005 20230906154800.0
007 t|
008 030202s1959 sp ||||1| spa d
130 0 _aBiblia.
_pN.T.
_lEspañol.
_9119294
245 1 0 _aNuevo Testamento /
_ctraducido de la Vulgata latina teniendo a la vista los textos originales por José Miguel Petisco ; dispuesta y publicada por Félix Torres Amat.
250 _a4ª ed.
260 _aMadrid :
_bApostolado de la Prensa,
_c[1959] (
_fEscelicer)
300 _aXLVII, 639 p. ;
_c15 cm.
700 1 _aPetisco, José Miguel.
_991495
700 1 _aTorres Amat, Félix.
_9110925
852 _aES-MaACL
_jC-17380
_bR.44809
999 _c33569
_d33569